000 00589cam a22002053a 4500
001 45462
003 PGUSA
005 20140828084042.0
008 140423s2014||||xxu|||||s|||||000 | eng d
040 _aPGUSA
_beng
042 _adc
100 1 _aRolt-Wheeler, Francis,
_d1876-1960
245 1 4 _aThe Wonder of War on Land
_h[electronic resource] /
_cFrancis Rolt-Wheeler
260 _bProject Gutenberg,
_c2014
506 _aPublic domain in the USA.
516 _aElectronic text
830 0 _aProject Gutenberg
_v45462
856 4 0 _uhttp://www.gutenberg.org/ebooks/45462
942 _cEB
999 _c274713
_d274713